Centroamérica-Caribe: proyectos y realidades
Guardat en:
| Format: | Llibre |
|---|---|
| Idioma: | Spanish |
| Matèries: | |
| Etiquetes: |
Afegir etiqueta
Sense etiquetes, Sigues el primer a etiquetar aquest registre!
|
MARC
| LEADER | 00000nam a22000007a 4500 | ||
|---|---|---|---|
| 003 | cru CIDCACS/IIS | ||
| 005 | 20191112115031.0 | ||
| 008 | 191112b ||||| |||| 00| 0 spa d | ||
| 999 | |c 42594 |d 42594 | ||
| 040 | |c cru CIDCACS/IIS | ||
| 245 | 0 | |a Centroamérica-Caribe: |b proyectos y realidades | |
| 300 | |a página 433 | ||
| 650 | 0 | |9 3691 |a POLITICA | |
| 650 | 0 | |9 143 |a ECONOMIA | |
| 650 | 0 | |9 126 |a CULTURA | |
| 650 | 0 | |9 288 |a EMPLEO | |
| 651 | 0 | |9 128 |a AMERICA CENTRAL | |
| 651 | 7 | |9 8785 |a EL CARIBE | |
| 773 | 0 | |0 42391 |9 3764 |a Agencia Latinoamericana de Información, ALAI |d Quito, Ecuador: ALAI |o 03843 |t ALAI: |x 08275564 (Servicio mensual de información y documentación) | |
| 942 | |2 ddc |c PP | ||
